Gaming Quiz

Random Gaming or Letter Quiz

Cryptogram Map: Card Games Quiz Stats

 Plays Quiz Updated Jan 31, 2019

Support Sporcle.
Go Orange.
Score 0/100 Timer 05:00
0 Plays Today
% Correct
E 
98%
R 
97.9%
E 
97.5%
R 
97.4%
R 
97.3%
E 
97.2%
R 
97.1%
R 
97.1%
E 
97.1%
E 
97%
E 
97%
E 
97%
R 
96.9%
R 
96.9%
E 
96.9%
E 
96.9%
R 
96.8%
E 
96.7%
A 
96.7%
O 
96.4%
R 
96.4%
A 
96.3%
P 
96.3%
A 
96.2%
A 
96.1%
A 
96.1%
I 
96.1%
A 
96.1%
E 
96.1%
E 
96.1%
A 
95.8%
A 
95.8%
A 
95.8%
I 
95.7%
% Correct
B 
95.6%
A 
95.6%
I 
95.6%
I 
95.6%
D 
95.5%
I 
95.5%
K 
95.4%
O 
95.4%
I 
95.3%
P 
95.2%
B 
95.2%
B 
95.2%
B 
95.2%
I 
95.1%
O 
95%
G 
95%
D 
94.9%
P 
94.9%
S 
94.7%
P 
94.7%
O 
94.7%
I 
94.6%
C 
94.5%
S 
94.5%
G 
94.5%
S 
94.5%
C 
94.4%
C 
94.4%
S 
94.3%
C 
94.3%
D 
94.3%
S 
94.2%
B 
94.2%
K 
94.2%
% Correct
K 
94.2%
L 
94.1%
C 
94.1%
T 
94.1%
C 
94.1%
L 
94%
T 
93.9%
H 
93.7%
T 
93.6%
L 
93.6%
G 
93.6%
T 
93.5%
H 
93.4%
H 
93.3%
L 
93.3%
H 
93.2%
U 
93.1%
W 
92.9%
U 
92.6%
M 
92.3%
M 
92.3%
Y 
92.2%
W 
92.2%
U 
91.5%
M 
91.4%
Y 
91.3%
N 
90.7%
N 
90.7%
J 
90.7%
F 
84.8%
Q 
74.7%
Z 
73.9%

You're not logged in!

Compare scores with friends on all Sporcle quizzes.
OR
Log In
Forgot?

From the Vault

TV Jury Duty

by Hejman

Even TV characters have civic responsibilities.
Remove Ads.
Support Sporcle.
Get the best of Sporcle when you Go Orange. This ad-free experience offers more features, more stats, and more fun while also helping to support Sporcle. Thank you for becoming a member.

Show Comments

Extras

Top Quizzes Today


Score Distribution

Your Account Isn't Verified!

In order to create a playlist on Sporcle, you need to verify the email address you used during registration. Go to your Sporcle Settings to finish the process.

Report this User

Report this user for behavior that violates our Community Guidelines.

Details: